John Wayne Movies - Statistics

General Stats
  • This quiz has been taken 2,309 times
    753 since last reset
  • The average score is 35 of 146
Answer Stats
Year Character's Name Movie Title % Correct
1969 Rooster Cogburn True Grit
86%
1975 Rooster Cogburn Rooster Cogburn
73%
1976 J.B. Brooks The Shootist
71%
1959 Sheriff John T. Chance Rio Bravo
70%
1956 Ethan Edwards The Searchers
69%
1960 Col. Davy Crockett The Alamo
68%
1963 George Washington McLintock McLintock!
66%
1970 John Chisum Chisum
64%
1939 Ringo Kid Stagecoach
64%
1971 Jacob McCandles Big Jake
60%
1953 Hondo Lane Hondo
59%
1952 Sean Thornton The Quiet Man
58%
1965 John Elder The Sons of Katie Elder
58%
1975 Lt. Brannigan Brannigan
57%
1972 Wil Anderson The Cowboys
57%
1974 Lon McQ McQ
55%
1970 Col. Cord McNally Rio Lobo
55%
1962 Tom Doniphon The Man Who Shot Liberty Valance
55%
1962 Sean Hatari Hatari!
54%
1950 Lr. Col. Kirby York Rio Grande
54%
1967 Cole Thornton El Dorado
53%
1949 Capt. Nathan Cutting Brittles She Wore a Yellow Ribbon
52%
1968 Col. Mike Kirby The Green Berets
52%
1948 Thomas Dunson Red River
51%
1962 Lt. Col. Benjamin Vandervoort The Longest Day
50%
1973 J.D. Cahill Cahill US Marshall
48%
1963 Michael Patrick Donovan Donovan's Reef
46%
1948 Capt. Kirby York Fort Apache
45%
1949 Sgt. John M. Stryker Sands of Iwo Jima
41%
1969 Col. John Henry Thomas The Undefeated
41%
1962 Gen. William Tecumseh Sherman How the West Was Won
40%
1959 Col. John Marlowe The Horse Soldiers
40%
1967 Taw Jackson The War Wagon
39%
1960 Sam McCord North to Alaska
36%
1965 Centurion at Crucifixion The Greatest Story Ever Told
36%
1968 Chance Buckman Hellfighters
34%
1973 Lane The Train Robbers
33%
1961 Capt. Jake Cutter The Comancheros
31%
1965 Rock In Harm's Way
29%
1945 Lt. Rusty Ryan They Were Expendable
28%
1956 Temujin The Conqueror
27%
1947 Quirt Evens Angel and the Badman
25%
1942 Capt. Jim Gordon Flying Tigers
25%
1944 Lt. Cmdr. Wedge Donovan The Fighting Seabees
24%
1945 Col. Joseph Madden Back to Bataan
23%
1951 Maj. Daniel Xavier Kirby Flying Leathernecks
23%
1949 John Breen The Fighting Kentuckian
23%
1953 Capt. Dooley Island in the Sky
22%
1930 Breck Coleman The Big Trail
22%
1948 Robert Marmaduke Sangster Hightower 3 Godfathers
21%
1966 Gen. Mike Randolph Cast a Giant Shadow
21%
1964 Matt Masters Circus World
21%
1942 Pittsburgh Markham Pittsburgh
21%
1955 Capt. Karl Ehrlich The Sea Chase
21%
1955 Capt. Tom Wilder Blood Alley
20%
1957 Col. Jim Shannon Jet Pilot
20%
1957 Frank W. Wead The Wings of Eagles
20%
1948 Capt. Ralls Wake of the Red Witch
20%
1958 Townsend Harris The Barbarian and the Geisha
19%
1934 John Carruthers Blue Steel
18%
1940 Bob Seton Dark Command
18%
1951 Lt. Cmdr. Duke E. Gifford Operation Pacific
18%
1942 Captain Jack Stuart Reap the Wild Wind
18%
1945 John Devlin Dakota
17%
1954 Dan Roman The High and Mighty
17%
1939 Jim Smith Allegheny Uprising
16%
1952 Jim McLain Big Jim Mclain
16%
1942 Tom Craig In Old California
16%
1957 Joe January Legend of the Lost
16%
1935 John Martin Rainbow Valley
16%
1934 Randy Bowers Randy Rides Alone
16%
1937 Dare Rudd Born to the West
15%
1935 John Wyatt Paradise Canyon
15%
1940 Olsen The Long Voyage Home
15%
1934 John Travers The Star Packer
15%
1934 Ted Hayden West of the Divide
15%
1943 Daniel F. Somers In Old Oklahoma
14%
1938 Stony Brooke Red River Range
14%
1933 John Brant Sagebrush Trail
14%
1947 Johnny Tycoon
14%
1933 Jimmy McCoy Jr. Baby Face
13%
1932 John Mason Haunted Gold
13%
1936 John Clayborn King of the Pecos
13%
1932 Buzz Kinney Land and Gent
13%
1931 Dusty Rhodes Maker of Men
13%
1942 Pat Talbot Reunion in France
13%
1932 John Steele The Big Stampede
13%
1935 John Scott The Desert Trail
13%
1934 John Weston The Man from Utah
13%
1931 Clint Turner The Range Feud
13%
1933 Tom Wayne The Three Musketeers
13%
1953 Stephen Aloysius Williams Trouble Along the Way
13%
1932 Duke Two Fisted Law
13%
1935 John Wyatt Westward Ho
13%
1931 Lt. Bob Denton Arizona
12%
1936 Pat Glendon Conflict
12%
1937 Bob Adams I Cover the War!
12%
1937 Johnny Hanson Idol of the Crowds
12%
1934 Chris Morrell 'Neath the Arizona Skies
12%
1938 Stony Brooke Overland Stage Raiders
12%
1932 John Drury Ride Him, Cowboy
12%
1938 Stony Brooke Santa Fe Stampede
12%
1933 John Bishop Somewhere in Sonora
12%
1933 Smith The Life of Jimmy Dolan
12%
1936 Captain John Ashley The Lonely Trail
12%
1942 Roy Glennister The Spoilers
12%
1940 John Phillips Three Faces West
12%
1946 Rusty Without Reservations
12%
1939 Stony Brooke Wyoming Outlaw
12%
1937 Duke Slade Adventures End
11%
1943 Duke Hudkins A Lady Takes a Chance
11%
1941 Lynn Hollister A Man Betrayed
11%
1937 Biff Smith California Straight Ahead
11%
1942 Jackson Morgan Lady for a Night
11%
1941 John Reynolds Lady from Louisiana
11%
1940 Dan Seven Sinners
11%
1944 Rocklin Tall in the Saddle
11%
1935 John Mason The Dawn Rider
11%
1933 John Trent The Telegraph Trail
11%
1934 Rod Drew The Trial Beyond
11%
1939 Stony Brooke Three Texas Steers
11%
1933 Dick Wallace His Private Secretary
10%
1939 Stony Brooke New Frontier
10%
1935 John Dawson The New Frontier
10%
1932 Craig McCoy The Shadow of the Eagle
10%
1941 Young Matt Matthews The Shepard of the Hills
10%
1936 John Blair Winds of the Wasteland
10%
1939 Stony Brooke The Night Riders
9%
1936 Capt. John Delmont The Oregon Trail
9%
1945 Duke Fergus Flame of Barbary Coast
8%
1930 Peter Brooks Girls Demand Excitement
8%
1932 Larry Baker The Hurricane Express
8%
1933 Captain John Holmes The Man from Monterey
8%
1938 Stony Brooke Pals of the Saddle
7%
1936 Bob Randall Sea Spoilers
7%
1931 Gordon Wales Three Girls Lost
7%
1932 Emcee Running Hollywood
5%
1935 John Higgins Texas Terror
5%
1934 Jerry Mason The Lucky Texan
5%
1932 Emcee The Voice of Hollywood Number 13
4%
1933 Singin' Sandy Saunders Riders of Destiny
2%
1932 Steve Pickett Texas Cyclone
2%
1935 John Middleton Lawless Range
1%
1931 Richard Thorpe The Deceiver
1%
1934 John Tobin The Lawless Frontier
1%
1936 John Tipton The Lawless Nineties
1%
No matching quizzes found
Score Distribution
Percent of People with Each Score
Percentile by Number Answered
Your Score History
You have not taken this quiz since the last reset